000 00453nam a2200145Ia 4500
008 231129s2010||||xx |||||||||||||| ||spa||
020 _a978-958-670-857-9
040 _bspa
082 _a307.14 D946s
100 _aDuque Daza Javier
245 0 _aSaberes aplicados comunidades y acción colectiva : una introducción al trabajo comunitario
260 _c2010
264 _aUniversidad del Valle
942 _2ddc
_cBKS
999 _c24237
_d24237